La gravure francaise

Sábháilte in:
Sonraí bibleagrafaíochta
Príomhchruthaitheoir: Dacier, Emile (Údar)
Formáid: LEABHAR
Teanga:Fraincis
Foilsithe / Cruthaithe: París Librairie Larousse 1944
Sraith:Collection Arts, Styles et Techniques
Ábhair:
Clibeanna: Cuir clib leis
Níl clibeanna ann, Bí ar an gcéad duine le clib a chur leis an taifead seo!

MARC

LEADER 00000nam a2200000 a 4500
001 UCY7885
003 CL-VaPUC
008 950622e19440000FR |||||||||||||||||fre|d
082 0 4 |a 769.944  |b DAC  |2 21 
100 0 |a Dacier, Emile  |e author  |9 338765 
245 1 3 |a La gravure francaise 
300 |a 259 p 
942 |c BK 
945 |d 19950622 00:00:00  |a rbrito 
260 |a París  |b Librairie Larousse  |c 1944 
650 7 |a GRABADO  |2 CL-VaPUC  |9 265438 
650 0 |a Artistas visuales   |9 338766 
650 0 |a Artes plásticas  |9 268637 
650 0 |a Pintores   |9 265963 
651 0 |a Francia  |9 255157 
583 |a last modification  |c 19950622 00:00:00  |k Rodrigo Vera 
490 0 |a Collection Arts, Styles et Techniques 
999 |c 235184  |d 235182 
952 |0 0  |1 0  |4 0  |6 769_944000000000000_DAC_1944  |7 0  |8 A  |9 242416  |a BIBART  |b BIBART  |d 2019-11-18  |i 309779K  |o 769.944 DAC 1944  |p 309779K  |r 2025-03-13  |w 2019-11-18  |y BK  |k ART